Histoire : Louis IX - Statistiques

Statistiques générales
  • Ce quiz a été pris 42 fois
  • Le résultat moyen est 7 sur 15
Statistiques - réponses
Question Réponse % Correct
Qui est son père ? Louis VIII
82%
En quelle année devient-il roi ? 1226
76%
Qui est sa mère ? Blanche de Castille
76%
Dans quelle capitale, anciennement appelée Carthage, mourut-il en 1270 ? Tunis
71%
En quelle année est-il né ? 1214
63%
Grand père paternel Philippe Auguste
58%
Bâtiment construit pour abriter les reliques de la Passion du Christ acquises par Louis IX. Sainte-Chapelle
55%
Théologien français, fondateur d’un établissement créé pour permettre à des étudiants séculiers en théologie d'étudier sans être en prise à des difficultés matérielles. Robert de Sorbon
39%
Qui est son épouse ? Marguerite de Provence
37%
La peste, le typhus ou encore la dysenterie ont tour à tour été évoquées comme cause de sa mort. En réalité, il serait plutôt mort de cette maladie, provoquée par une carence en vitamine C. Scorbut
32%
Il interdit cette pratique, qui consistait à soumettre un suspect à une épreuve, douloureuse voire potentiellement mortelle, dont l'issue, théoriquement déterminée par une divinité ou Dieu lui-même, permettait de conclure à la culpabilité ou à l’innocence dudit suspect. Ordalie
21%
Dans quelle ville est-il né ? Poissy
18%
Noble champenois et biographe de Saint Louis. Jean de Joinville
16%
Traité de paix signé en 1259 entre Louis IX et Henri III d’Angleterre Traité de Paris
16%
Frère du Roi qui mourut lors de la Septième Croisade, à la Bataille de Mansourah, en 1250. Robert d’Artois
8%
Aucun quiz correspondant
Distribution des résultats
% des personnes avec chaque résultat
Percentile par nombre de réponses
Votre historique - résultats
Vous n’avez pas pris ce quiz